000 00750pam a2200229 a 4500
001 634479
005 20180308081539.0
008 930322s1994 paua b 001 0 eng
010 _a 93019188
020 _a0721664814
040 _aDLC
_cDLC
_dDLC
041 _aeng
080 _a610.730151 SAL
082 0 0 _a610.730/51 SAL
_220
100 1 _a3
101 _aINF
245 1 0 _aMath for nurses :
_cSally Irene Lipsey, Donna D. Ignatavicius.
504 _aIncludes bibliographical references (p. 383) and index.
906 _a7
_bcbc
_corignew
_d1
_eocip
_f19
_gy-gencatlg
942 _2ddc
_cBK
999 _c44493
_d44493